| 000 | 00663nam a22001697a 4500 | ||
|---|---|---|---|
| 999 |
_c13868 _d13868 |
||
| 003 | AR-CdUCM | ||
| 008 | 190416b ||||| |||| 00| 0 spa d | ||
| 040 |
_aMUNICIPALIDAD PROVINCIAL DEL CUSCO _cBIBLIOTECA MUNICIPAL DEL CUSCO |
||
| 082 |
_aC / 869.56 / _bT21 |
||
| 100 |
_aTapia Olarte, Eulogio _932463 |
||
| 245 | _aCinco grandes escritores cuzqueños de la literatura peruana / | ||
| 260 |
_aCuzco : _bD. Miranda - Azangaro, _c1946. |
||
| 300 |
_a54 páginas ; _c22 cm. |
||
| 505 | _aInca Garcilaso de la Vega -- Juan Espinoza Medrano -- Narciso Arestegui -- Clorinda Matto de Turner -- Angel Vega Enriquez. | ||
| 942 |
_2ddc _cLIBROS |
||
| 945 |
_awfj _d2019-04-16 |
||